00706cam a2200217u 450000100090000000300040000900500170001300800410003001000170007104000180008804300120010605000170011808200180013510000460015324500610019926000430026030000380030350400400034165000210038165100860040210148296ASL20231015025623.0811117s1929 enk 000 0 eng  a 29007302  aDLCcASLdASL aa-ii---00aBV3265b.M35 a266.0954bMAC aMayhew, Arthur,d1878- [from old catalog]10aChristianity and the government of India/cArthur Mayhew aLondon:bFaber & Gwyer limited,c1929. a2 p. l., vii-xi 13-260 p.c23 cm. aIncludes bibliographical references 0aMissionszIndia. 0aIndiaxPolitics and government.vReligionvSocietyyChristainyBritish Government